[Event "OHS 2020"]
[Site "Herne-Sodingen"]
[Date "2020.02.03"]
[Round "2.5"]
[White "Kleinert, Andreas"]
[Black "Hammerich, Simon"]
[Result "0-1"]
[WhiteElo "1767"]
[BlackElo "2032"]
[PlyCount "110"]
[EventDate "2020.??.??"]
[WhiteTeam "SF Gelsenkirchen 2002"]
[BlackTeam "SC Buer-Hassel 1919 e. V."]

1. c4 e5 2. g3 Nf6 3. Bg2 c6 4. e4 d5 5. exd5 cxd5 6. cxd5 Nxd5 7. Nf3 Nc6 8.
O-O Bc5 9. Nxe5 Nxe5 10. d4 Bg4 11. Qa4+ Bd7 12. Qb3 Bxd4 13. Qxd5 Bc6 14.
Qxd8+ Rxd8 15. Bxc6+ Nxc6 16. Re1+ Kd7 17. Nc3 Nb4 18. Rd1 Kc6 19. Kf1 Nc2 20.
Rb1 Bxc3 21. Rxd8 Rxd8 22. bxc3 Rd1+ 23. Ke2 Rh1 24. Kd2 Na3 25. Rb4 Nb5 26. h4
f5 27. Kc2 a5 28. Ra4 b6 29. Rc4+ Kd7 30. a4 Nd6 31. Rd4 Kc6 32. Be3 g6 33. Rd1
Rxd1 34. Kxd1 Nc4 35. Bc1 b5 36. axb5+ Kxb5 37. Kc2 a4 38. Bg5 Kc5 39. Be7+ Kd5
40. Bd8 Ke4 41. Be7 f4 42. Bg5 f3 43. Bd8 Kf5 44. Bc7 Kg4 45. Bd8 h5 46. Be7
Kh3 47. Bf6 Kg2 48. Bd4 Kf1 49. Kd3 a3 50. Kxc4 a2 51. Kd5 a1=Q 52. c4 Qa8+ 53.
Kd6 Qe4 54. Kc5 Ke2 55. Be3 Qxe3+ 0-1

[Event "OHS 2020"]
[Site "Herne-Sodingen"]
[Date "2020.02.03"]
[Round "2.6"]
[White "Wolff, Christoph"]
[Black "Cobanoglu, Ferhat"]
[Result "0-1"]
[WhiteElo "1964"]
[BlackElo "1743"]
[PlyCount "124"]
[EventDate "2020.??.??"]
[WhiteTeam "SC Buer-Hassel 1919 e. V."]
[BlackTeam "SK Sodingen/Castrop 24/23 e. V."]

1. e4 d6 2. d4 Nf6 3. Nc3 e5 4. Nf3 Nbd7 5. Bc4 Be7 6. O-O O-O 7. h3 c6 8. a4
b6 9. Re1 a6 10. Be3 Bb7 11. d5 b5 12. dxc6 Bxc6 13. axb5 axb5 14. Bxb5 Rxa1
15. Qxa1 Bxb5 16. Nxb5 Nxe4 17. Qa4 Nec5 18. Qa7 Qb8 19. Bxc5 Qxb5 20. Ba3 Re8
21. Qc7 Nf6 22. Bxd6 Nd5 23. Qa7 Bxd6 24. c4 Qb6 25. Qa4 Nf6 26. Rb1 e4 27. Re1
Qxb2 28. Qc6 Qb4 29. Re2 Qc5 30. Qa4 Rb8 31. Nd2 Qe5 32. g3 h5 33. Qc6 Re8 34.
Re3 Bc5 35. Nf3 Qd6 36. Qxd6 Bxd6 37. Nd2 Bc5 38. Re2 e3 39. fxe3 Rxe3 40. Kf2
Rc3+ 41. Kg2 Rc2 42. Kf3 Bb4 43. Ne4 Rxe2 44. Nxf6+ gxf6 45. Kxe2 Kg7 46. Kf3
Bd6 47. g4 hxg4+ 48. Kxg4 Kg6 49. h4 f5+ 50. Kf3 Kh5 51. c5 Bc7 52. c6 f6 53.
Kf2 Kxh4 54. Kf3 Kg5 55. Ke3 f4+ 56. Kf3 f5 57. Kf2 Kg4 58. Kg2 f3+ 59. Kf2 Kf4
60. Kf1 Kg3 61. Kg1 f2+ 62. Kf1 f4 0-1

[Event "OHS 2020"]
[Site "Herne-Sodingen"]
[Date "2020.02.03"]
[Round "2.7"]
[White "Schicktanz, Florian"]
[Black "Schmidt, Ralph"]
[Result "1/2-1/2"]
[WhiteElo "1748"]
[BlackElo "1913"]
[PlyCount "102"]
[EventDate "2020.??.??"]
[WhiteTeam "SV Erkenschwick 1923 e"]
[BlackTeam "SV Bochum-Linden-Dahlh"]

1. c4 Nf6 2. g3 Nc6 3. Nc3 b6 4. Bg2 Bb7 5. d4 Qc8 6. Nf3 e6 7. Bg5 Be7 8. O-O
h6 9. Bf4 Nh5 10. Be3 f5 11. d5 Nd8 12. Ne5 O-O 13. Ng6 Re8 14. Bf3 Nf6 15. Bd4
Kh7 16. Nxe7 Rxe7 17. Bxf6 gxf6 18. d6 cxd6 19. Qxd6 Rg7 20. Rac1 Bxf3 21. exf3
Nf7 22. Qd1 Ne5 23. f4 Ng6 24. Ne2 Qb7 25. f3 Nh4 26. Qd3 e5 27. Qd5 Qxd5 28.
cxd5 Ng6 29. Kf2 d6 30. Rc6 Rd8 31. Rd1 exf4 32. gxf4 Nh4 33. Ng3 Re7 34. Rdc1
Rdd7 35. Rc8 Rf7 36. Re1 Ng6 37. Nh5 Ne7 38. Rb8 Nxd5 39. Rd1 Ne7 40. Rg1 Rc7
41. Re8 Rd7 42. Rg7+ Rxg7 43. Nxf6+ Kg6 44. Nxd7 Kf7 45. Ra8 Nc6 46. Rh8 Ke6
47. Nb8 Nxb8 48. Re8+ Kd5 49. Rxb8 Rf7 50. Rc8 Kd4 51. Rc6 Kd5 1/2-1/2

[Event "OHS 2020"]
[Site "Herne-Sodingen"]
[Date "2020.02.03"]
[Round "2.8"]
[White "Wiechen, Ulrich"]
[Black "Wingerning, Gerd"]
[Result "1-0"]
[WhiteElo "1910"]
[BlackElo "1740"]
[PlyCount "87"]
[EventDate "2020.??.??"]
[WhiteTeam "SC Buer-Hassel 1919 e. V."]
[BlackTeam "SC Buer-Hassel 1919 e. V."]

1. e4 d5 2. exd5 Qxd5 3. d4 Nf6 4. c4 Qa5+ 5. Bd2 Qb6 6. Bc3 Bf5 7. Nf3 e6 8.
a4 Bb4 9. Bd3 Bxc3+ 10. bxc3 Bxd3 11. Qxd3 Qb2 12. Ra3 Qc1+ 13. Qd1 Qxd1+ 14.
Kxd1 Nbd7 15. Nbd2 a5 16. Rb3 Nb6 17. Kc2 Ra7 18. Rhb1 Ke7 19. c5 Nbd5 20. Rxb7
Rha8 21. Rxa7 Rxa7 22. Ne5 Ra6 23. Rb7 Nd7 24. Nec4 e5 25. Nb3 Rf6 26. f3 Rg6
27. g3 Rf6 28. Nbd2 exd4 29. cxd4 Rh6 30. h4 Rg6 31. g4 f5 32. gxf5 Rh6 33.
Nxa5 Rxh4 34. Nc6+ Kf6 35. a5 Nxc5 36. dxc5 Ra4 37. Kb3 Ra1 38. Kc4 h5 39. Kxd5
Rd1 40. Rb2 Kxf5 41. a6 h4 42. a7 Ra1 43. Nb3 Ra3 44. Nba5 1-0

[Event "OHS 2020"]
[Site "Herne-Sodingen"]
[Date "2020.02.03"]
[Round "2.9"]
[White "Löffelbein, Klaus"]
[Black "Klein, Andreas"]
[Result "1-0"]
[WhiteElo "1843"]
[BlackElo "1699"]
[PlyCount "157"]
[EventDate "2020.??.??"]
[WhiteTeam "SC Gerthe 46 - Werne"]
[BlackTeam "SF Gelsenkirchen 2002"]

1. d4 d6 2. Nf3 c6 3. c4 Qc7 4. Nc3 g6 5. Bf4 Bg7 6. c5 Nf6 7. e3 Nbd7 8. Be2
O-O 9. Nd2 e5 10. cxd6 Qxd6 11. Nc4 Qe7 12. Nxe5 Nxe5 13. Bxe5 Be6 14. O-O Rad8
15. Rc1 Nd5 16. Bxg7 Kxg7 17. a3 Rfe8 18. Bf3 f5 19. Nxd5 Bxd5 20. Bxd5 Rxd5
21. Rc3 Red8 22. Qf3 R8d7 23. Rfc1 a5 24. g3 Rb5 25. R1c2 Rdd5 26. Qd1 Qd8 27.
Qc1 Kf7 28. Rc5 a4 29. Rxb5 Rxb5 30. Rc4 Qa5 31. Rc5 Rxc5 32. dxc5 Qb5 33. Qc3
h5 34. Qd4 Qb3 35. h3 Qb5 36. Kg2 Qb3 37. e4 fxe4 38. Qxe4 Qxb2 39. Qxa4 Qe5
40. Qb3+ Kf6 41. Qxb7 Qd5+ 42. Kh2 Qxc5 43. Qb2+ Ke6 44. Qe2+ Kf7 45. Qf3+ Kg7
46. Qe3 Qc2 47. g4 hxg4 48. hxg4 c5 49. Kg3 c4 50. Qd4+ Kf7 51. Qd7+ Kf6 52. f4
Qc3+ 53. Kf2 Qb2+ 54. Ke3 Qc3+ 55. Ke2 Qc2+ 56. Qd2 Qe4+ 57. Kf2 Kg7 58. a4 Qc6
59. Qc3+ Kf7 60. a5 Qc7 61. Kf3 Qc6+ 62. Kg3 Qa6 63. Qe5 Qc6 64. Qc3 Qa6 65.
Qb4 Qe6 66. Qb7+ Kf8 67. Qb6 Qe1+ 68. Kf3 Qh1+ 69. Ke3 Qh3+ 70. Kd4 Qd3+ 71.
Ke5 Qe2+ 72. Kf6 Qe7+ 73. Kxg6 Qg7+ 74. Kf5 Qd7+ 75. Ke5 Qxg4 76. Qc5+ Ke8 77.
Qxc4 Qh5+ 78. f5 Qh2+ 79. Ke6 1-0

[Event "OHS 2020"]
[Site "Herne-Sodingen"]
[Date "2020.02.03"]
[Round "2.10"]
[White "Olbrich, Peter"]
[Black "Wiese, Thomas"]
[Result "0-1"]
[WhiteElo "1717"]
[BlackElo "1837"]
[PlyCount "78"]
[EventDate "2020.??.??"]
[WhiteTeam "SF Gelsenkirchen 2002"]
[BlackTeam "SV Kamen 1930"]

1. Nf3 c5 2. g3 Nc6 3. Bg2 e5 4. d3 g6 5. O-O Bg7 6. Nbd2 Nge7 7. e4 O-O 8. c3
d6 9. Nc4 f5 10. Qb3 Kh8 11. exf5 Nxf5 12. Ne3 Nxe3 13. Bxe3 Qe7 14. Ng5 Nd8
15. h4 h6 16. Ne4 Be6 17. Qd1 Nc6 18. Qc1 Kh7 19. h5 Bf5 20. Qd1 Qd7 21. Kh2
Ne7 22. c4 gxh5 23. Qxh5 Bg4 24. Ng5+ Kg8 25. Bh3 Bxh5 26. Bxd7 hxg5 27. Kg2
Bf3+ 28. Kh2 g4 29. Bg5 Bf6 30. Be6+ Kg7 31. Bh4 Rh8 32. Bxg4 Bxg4 33. f3 Bd7
34. Kg2 Bxh4 35. gxh4 Rxh4 36. Kf2 Rf8 37. Rg1+ Kf6 38. Rab1 Rh2+ 39. Kg3 Rfh8
0-1

[Event "OHS 2020"]
[Site "Herne-Sodingen"]
[Date "2020.02.03"]
[Round "2.11"]
[White "Bialas, Jan-Philip"]
[Black "Deppe, Stephan"]
[Result "1-0"]
[WhiteElo "1558"]
[BlackElo "1109"]
[PlyCount "87"]
[EventDate "2020.??.??"]
[WhiteTeam "SV Datteln 1924"]
[BlackTeam "SC an der Uni Bochum 196"]

1. d4 d5 2. Bf4 Nf6 3. Nf3 Bf5 4. e3 e6 5. Be2 Bd6 6. Bg3 Bxg3 7. hxg3 Nbd7 8.
Nbd2 Qe7 9. Nh4 O-O-O 10. Nxf5 exf5 11. a3 Kb8 12. O-O Ne4 13. c4 Nxd2 14. Qxd2
c6 15. c5 h5 16. Bd3 g6 17. f3 h4 18. g4 fxg4 19. fxg4 h3 20. g3 Nf6 21. Qe2
Rdf8 22. Qf3 Ne4 23. Bxe4 Qxe4 24. Qxe4 dxe4 25. Rf6 Rh7 26. Raf1 h2+ 27. Kh1
Rh3 28. Kg2 Rfh8 29. Rh1 R8h7 30. Rf4 f5 31. Kf2 Rf7 32. gxf5 gxf5 33. Rh4 Rh7
34. Rxh3 Rxh3 35. Kg2 Rh6 36. Rxh2 Rxh2+ 37. Kxh2 Kc7 38. g4 fxg4 39. Kg3 Kd7
40. Kxg4 Ke6 41. Kf4 Kd5 42. b3 b6 43. cxb6 axb6 44. a4 1-0

[Event "OHS 2020"]
[Site "Herne-Sodingen"]
[Date "2020.02.03"]
[Round "2.12"]
[White "Bock, Oswin"]
[Black "Czarnik, Jozef"]
[Result "0-1"]
[WhiteElo "1426"]
[BlackElo "1897"]
[PlyCount "56"]
[EventDate "2020.??.??"]
[WhiteTeam "SG Höntrop 1947"]
[BlackTeam "SV Königsspringer Halt"]

1. Nf3 c5 2. c4 Nf6 3. Nc3 g6 4. g3 Bg7 5. Bg2 O-O 6. O-O Nc6 7. d3 d6 8. a3
Bd7 9. Bg5 h6 10. Bd2 Qc8 11. Re1 Bh3 12. Bh1 Ng4 13. Rb1 Kh7 14. Nd5 e5 15. e3
Qd7 16. b4 Ne7 17. e4 b6 18. b5 Nxd5 19. cxd5 f5 20. exf5 Rxf5 21. Re2 Raf8 22.
Be1 Rxf3 23. Bxf3 Rxf3 24. Re4 Qf7 25. Rb2 h5 26. Rbe2 Bh6 27. Qc2 Rxg3+ 28.
hxg3 Qf3 0-1

[Event "OHS 2020"]
[Site "Herne-Sodingen"]
[Date "2020.02.03"]
[Round "2.14"]
[White "Jähnicke, Karl-Heinz"]
[Black "Krolik, Wilfried"]
[Result "1/2-1/2"]
[WhiteElo "1742"]
[BlackElo "1503"]
[PlyCount "127"]
[EventDate "2020.??.??"]
[WhiteTeam "SV Rochade Eving 25/64"]
[BlackTeam "SV Waltrop 1922 e. V."]

1. f4 d5 2. Nf3 Nf6 3. e3 c5 4. c3 Nc6 5. Be2 e6 6. O-O Be7 7. d4 O-O 8. Ne5 c4
9. Nd2 Qc7 10. b3 b5 11. Bb2 Bb7 12. Qe1 Nd7 13. Bg4 Ncxe5 14. fxe5 Nb6 15. Qg3
Qd8 16. Nf3 Bc8 17. h4 h6 18. Rae1 a5 19. Re2 b4 20. Qe1 cxb3 21. axb3 Ba6 22.
cxb4 Bxe2 23. Qxe2 axb4 24. g3 Qd7 25. Rf2 Ra2 26. Qd3 Nc8 27. Bh5 Bd8 28. Nh2
Ne7 29. Bd1 Nf5 30. Kg2 g5 31. h5 Be7 32. g4 Nh4+ 33. Kg3 f5 34. exf6 Rxf6 35.
Rxf6 Bxf6 36. Qb1 Ra7 37. Nf3 Qg7 38. Qc2 Rc7 39. Qd3 Nxf3 40. Kxf3 Rf7 41. Kg3
Be7 42. Bc2 Bd6+ 43. Kg2 Qf6 44. Qg6+ Kf8 45. Qxf6 Rxf6 46. Bd3 Rf7 47. Bg6 Ra7
48. Bb1 Kf7 49. Kf3 Kf6 50. e4 dxe4+ 51. Kxe4 Re7 52. Kd3 e5 53. d5 Kf7 54. Ke4
Kf6 55. Bc2 Rc7 56. Bb1 Rc5 57. Bd3 Rc7 58. Bb1 Re7 59. Bd3 Rf7 60. Bc4 Ra7 61.
Kd3 Ra2 62. Kc2 Kf7 63. Bd3 Bc5 64. Kb1 1/2-1/2

[Event "OHS 2020"]
[Site "Herne-Sodingen"]
[Date "2020.02.03"]
[Round "2.15"]
[White "Lojack, Rouven"]
[Black "Gausmann, Thomas"]
[Result "0-1"]
[WhiteElo "1527"]
[BlackElo "1681"]
[PlyCount "66"]
[EventDate "2020.??.??"]
[WhiteTeam "SV Königsspringer Halt"]
[BlackTeam "SG Bochum 1931"]

1. e4 e5 2. Nf3 Nf6 3. Nxe5 d6 4. Nf3 Nxe4 5. Qe2 Qe7 6. d3 Nf6 7. Qxe7+ Bxe7
8. Be2 O-O 9. O-O d5 10. Bf4 c6 11. d4 Bg4 12. h3 Bh5 13. g4 Bg6 14. c4 dxc4
15. Bxc4 Nd5 16. Bg3 Nd7 17. Ne5 N7f6 18. Nxg6 hxg6 19. Nc3 Rad8 20. Rfd1 Rfe8
21. g5 Nxc3 22. bxc3 Ne4 23. Bc7 Rd7 24. Ba5 Nxg5 25. Kg2 b6 26. Bb4 Bxb4 27.
cxb4 Red8 28. d5 cxd5 29. Bf1 d4 30. f4 Ne6 31. Kf3 Rc8 32. Rac1 Rxc1 33. Rxc1
d3 0-1

[Event "OHS 2020"]
[Site "Herne-Sodingen"]
[Date "2020.02.03"]
[Round "2.16"]
[White "Heiduk, Christopher"]
[Black "Tolksdorf, Jürgen"]
[Result "0-1"]
[WhiteElo "1500"]
[BlackElo "1679"]
[PlyCount "54"]
[EventDate "2020.??.??"]
[WhiteTeam "SV Datteln 1924"]
[BlackTeam "SG Höntrop 1947"]

1. d4 b6 2. c4 e6 3. Nf3 Bb7 4. e3 Nf6 5. Be2 Nc6 6. O-O Be7 7. Nc3 h6 8. a3
O-O 9. b4 d5 10. cxd5 Nxd5 11. Nxd5 Qxd5 12. Bb2 Qd8 13. Rc1 Bf6 14. Qc2 Rc8
15. Rfd1 Ne7 16. e4 Ng6 17. Ne5 Bxe5 18. dxe5 Qg5 19. Bf3 c5 20. b5 Rfd8 21.
Qe2 Nxe5 22. Bxe5 Qxe5 23. Re1 Rd4 24. Qc2 Rcd8 25. Re3 Rd2 26. Qc3 Qxc3 27.
Rexc3 Bxe4 0-1

[Event "OHS 2020"]
[Site "Herne-Sodingen"]
[Date "2020.02.03"]
[Round "2.17"]
[White "Dreckmann, Günter"]
[Black "Böcher, Joachim"]
[Result "1-0"]
[WhiteElo "1671"]
[BlackElo "1480"]
[PlyCount "83"]
[EventDate "2020.??.??"]
[WhiteTeam "SV Königsspringer Halt"]
[BlackTeam "SG Höntrop 1947"]

1. Nf3 d5 2. c4 Nf6 3. cxd5 Nxd5 4. e4 Nb6 5. d4 Bg4 6. Be2 e6 7. O-O Be7 8.
Nc3 O-O 9. Bf4 a6 10. h3 Bh5 11. g4 Bg6 12. Ne5 N8d7 13. Nxg6 hxg6 14. Rc1 Bd6
15. e5 Bb4 16. Bf3 c6 17. Ne4 Nd5 18. Bg3 Qb6 19. Qb3 Be7 20. Qc4 Rac8 21. Nc5
Nxc5 22. dxc5 Qb4 23. Bxd5 Qxb2 24. Qb3 Qd2 25. Rfd1 Qh6 26. Bg2 Rcd8 27. Rf1
Bg5 28. f4 Bh4 29. g5 Qh5 30. Bxh4 Qxh4 31. Rcd1 Rxd1 32. Qxd1 Qg3 33. Qf3 Qxf3
34. Bxf3 Rd8 35. Rd1 Rxd1+ 36. Bxd1 Kf8 37. Kf2 Ke7 38. Ke3 f6 39. Ke4 f5+ 40.
Kd4 Kd7 41. h4 b5 42. Bb3 1-0

[Event "OHS 2020"]
[Site "Herne-Sodingen"]
[Date "2020.02.03"]
[Round "2.18"]
[White "Scheithauer, Ralf"]
[Black "Ponto, Michael"]
[Result "1-0"]
[WhiteElo "1313"]
[BlackElo "1618"]
[PlyCount "161"]
[EventDate "2020.??.??"]
[WhiteTeam "Bochumer SV 02"]
[BlackTeam "SV Horst-Emscher 31"]

1. e4 c5 2. Nf3 Nc6 3. d4 cxd4 4. Nxd4 a6 5. Nc3 e6 6. a3 Bc5 7. Nxc6 bxc6 8.
Bd3 d5 9. exd5 exd5 10. O-O Ne7 11. Ne2 O-O 12. Ng3 f5 13. Bf4 Ng6 14. Qc1 Nxf4
15. Qxf4 Bd6 16. Qd2 f4 17. Ne2 f3 18. Ng3 fxg2 19. Kxg2 Bf4 20. Qc3 Qh4 21.
Rfe1 Bxg3 22. hxg3 Qh3+ 23. Kg1 Bg4 24. Bf1 Qh6 25. Bg2 Rf6 26. Qc5 Raf8 27.
Qd4 Qg6 28. Rac1 h5 29. c4 dxc4 30. Qxc4+ Kh8 31. Rc2 Bf5 32. Rd2 Qg5 33. Qc3
h4 34. Re3 h3 35. Bxc6 h2+ 36. Kh1 Bh3 37. Re4 Rh6 38. Rc4 Be6 39. Rcd4 Qg6 40.
Be4 Bf5 41. Bxf5 Qxf5 42. Qe3 Qb1+ 43. Rd1 Qxb2 44. R4d2 Qb7+ 45. Rd5 Rd8 46.
Qe4 Rxd5 47. Qxd5 Qb2 48. Qc5 Rf6 49. Rd8+ Kh7 50. Qh5+ Rh6 51. Qf5+ Rg6 52.
Rd6 Qc1+ 53. Kxh2 Qh6+ 54. Kg2 Qg5 55. Qxg5 Rxg5 56. Rxa6 Rd5 57. Kh3 g6 58. f4
Kh6 59. Kg4 Rf5 60. a4 Rc5 61. Ra8 Rc2 62. a5 Ra2 63. a6 Kg7 64. Kg5 Ra5+ 65.
Kg4 Ra4 66. Ra7+ Kf6 67. Ra8 Kf7 68. a7 Ra5 69. Kh4 Kg7 70. g4 Kh7 71. f5 gxf5
72. gxf5 Kg7 73. Kg5 Kf7 74. Kf4 Ra6 75. Ke5 Ra5+ 76. Kd6 Ra1 77. Kc6 Rc1+ 78.
Kd5 Ra1 79. Rh8 Rd1+ 80. Ke4 Re1+ 81. Kd3 1-0

[Event "OHS 2020"]
[Site "Herne-Sodingen"]
[Date "2020.02.03"]
[Round "2.19"]
[White "Eibl, Rüdiger"]
[Black "Deno, Thomas"]
[Result "0-1"]
[WhiteElo "1605"]
[BlackElo "1377"]
[PlyCount "76"]
[EventDate "2020.??.??"]
[WhiteTeam "SC Buer-Hassel 1919 e. V."]
[BlackTeam "SC Buer-Hassel 1919 e. V."]

1. d4 Nf6 2. Bf4 d5 3. e3 c5 4. c3 Nc6 5. Nd2 cxd4 6. exd4 Bf5 7. Ngf3 e6 8.
Nh4 Be4 9. Nhf3 Bf5 10. Bb5 Bd6 11. Bg5 O-O 12. Bxc6 bxc6 13. Ne5 Rc8 14. b4 h6
15. Bh4 g5 16. Bg3 a5 17. a3 Kh7 18. h3 Bxe5 19. Bxe5 Ne4 20. Nxe4 dxe4 21. O-O
f6 22. Bh2 Rg8 23. Qa4 axb4 24. Qxb4 g4 25. h4 e3 26. Bf4 exf2+ 27. Rxf2 g3 28.
Rf3 Rg4 29. Bxg3 Qg8 30. Kf2 Be4 31. Re3 f5 32. Qe7+ Rg7 33. Qd6 Rf8 34. Rae1
Rg4 35. Bf4 Rxg2+ 36. Kf1 Rg1+ 37. Ke2 Qg2+ 38. Kd1 Qc2# 0-1

[Event "OHS 2020"]
[Site "Herne-Sodingen"]
[Date "2020.02.03"]
[Round "2.20"]
[White "Neumann, Frank"]
[Black "Berthy, Andreas"]
[Result "1/2-1/2"]
[WhiteElo "1266"]
[BlackElo "1605"]
[PlyCount "58"]
[EventDate "2020.??.??"]
[WhiteTeam "SV Waltrop 1922 e. V."]
[BlackTeam "vereinslos"]

1. e4 e6 2. d4 d5 3. Nd2 c5 4. c3 cxd4 5. cxd4 dxe4 6. Nxe4 Bb4+ 7. Nc3 Ne7 8.
Bb5+ Nbc6 9. Nf3 O-O 10. O-O a6 11. Ba4 b5 12. Bb3 Na5 13. Bc2 h6 14. a3 Bxc3
15. bxc3 Nd5 16. Qd3 Nf6 17. Ne5 Bb7 18. Qg3 Kh8 19. Bxh6 gxh6 20. Qh4 Ng8 21.
Qh5 Qe7 22. Rfe1 Nc4 23. Ng4 Qg5 24. Qh3 h5 25. Bd1 Kg7 26. Ne5 Nd2 27. f4
Qxg2+ 28. Qxg2+ Bxg2 29. Re2 Be4 1/2-1/2

[Event "OHS 2020"]
[Site "Herne-Sodingen"]
[Date "2020.02.03"]
[Round "2.21"]
[White "Deutschmann, Jürgen"]
[Black "Ehm, Christian"]
[Result "1-0"]
[WhiteElo "1580"]
[BlackElo "1282"]
[PlyCount "65"]
[EventDate "2020.??.??"]
[WhiteTeam "SV Hattingen e. V."]
[BlackTeam "Bochumer SV 02"]

1. d4 e6 2. Bf4 d5 3. e3 c5 4. Nf3 Bd6 5. Bg3 Nc6 6. c3 Nge7 7. Bd3 cxd4 8.
exd4 Bxg3 9. hxg3 Ng6 10. Qc2 Qf6 11. Nh4 Nce7 12. Nd2 e5 13. Nxg6 fxg6 14.
Bb5+ Bd7 15. Bxd7+ Kxd7 16. Nf3 Nc6 17. dxe5 Nxe5 18. O-O-O Nxf3 19. Qa4+ Qc6
20. Qg4+ Kc7 21. Qxf3 Rad8 22. Rhe1 Rhf8 23. Re7+ Kb8 24. Qe3 Rfe8 25. Qe5+ Kc8
26. Re1 Rxe7 27. Qxe7 Rd7 28. Qf8+ Kc7 29. Re8 Kb6 30. Rc8 Qd6 31. Qe8 d4 32.
c4 Rc7 33. Qb5# 1-0

[Event "OHS 2020"]
[Site "Herne-Sodingen"]
[Date "2020.02.03"]
[Round "2.22"]
[White "Schmidt, Rolf-Günther"]
[Black "Picker, Andre"]
[Result "0-1"]
[WhiteElo "995"]
[BlackElo "1559"]
[PlyCount "78"]
[EventDate "2020.??.??"]
[WhiteTeam "Recklinghäuser Schachgemeinschaf"]
[BlackTeam "SC an der Uni Bochum 196"]

1. d4 d5 2. c4 e6 3. Nc3 Nf6 4. Bg5 Be7 5. Bxf6 Bxf6 6. Nf3 c6 7. cxd5 exd5 8.
e3 O-O 9. Bd3 Bg4 10. O-O Nd7 11. Rc1 Re8 12. Be2 Nf8 13. Ne1 Bf5 14. Bf3 Bg5
15. Bg4 Be4 16. Nxe4 Rxe4 17. Rc3 Qe7 18. Nc2 Re8 19. Re1 Qd6 20. g3 h6 21. Qf3
Nd7 22. h4 Bd8 23. Kg2 Nf6 24. Bf5 R4e7 25. Re2 Bc7 26. a3 Ne4 27. Bxe4 Rxe4
28. Ne1 R8e6 29. Kh3 Qd7 30. Kh2 Rxh4+ 31. Kg1 Rg6 32. Ng2 Re4 33. Nf4 Rf6 34.
Qg2 Bxf4 35. Qf1 Bxg3 36. f4 Rg6 37. Rg2 Qh3 38. Rxg3 Qxg3+ 39. Kh1 Qh4+ 0-1

[Event "OHS 2020"]
[Site "Herne-Sodingen"]
[Date "2020.02.10"]
[Round "3.1"]
[White "Quast, Marcel"]
[Black "Wiechen, Ulrich"]
[Result "1-0"]
[WhiteElo "2236"]
[BlackElo "1910"]
[PlyCount "81"]
[EventDate "2020.??.??"]
[WhiteTeam "SC Gerthe 46 - Werne"]
[BlackTeam "SC Buer-Hassel 1919 e. V."]

1. f4 d5 2. Nf3 g6 3. g3 Bg7 4. Bg2 c5 5. O-O Nc6 6. d3 Bg4 7. c3 Bxf3 8. Bxf3
e6 9. Qc2 Nge7 10. e4 Qd7 11. a4 O-O 12. Bg2 Rac8 13. Nd2 Rfd8 14. Nf3 b6 15.
Ng5 f6 16. Nf3 dxe4 17. dxe4 Qd3 18. Qxd3 Rxd3 19. Kf2 Na5 20. Nd2 f5 21. Ke2
Rd7 22. e5 g5 23. fxg5 Bxe5 24. Nf3 Bg7 25. h4 e5 26. h5 Nb3 27. Rb1 e4 28. Nh4
Nxc1+ 29. Rbxc1 Rcd8 30. Rc2 Rd3 31. Nxf5 Nxf5 32. Rxf5 Rxg3 33. Bxe4 Re8 34.
Kf2 Rh3 35. Bd5+ Kh8 36. h6 Bf8 37. Bf3 Rh2+ 38. Bg2 c4 39. Rd2 Rh5 40. Kg3 Bc5
41. Bf3 1-0

[Event "OHS 2020"]
[Site "Herne-Sodingen"]
[Date "2020.02.10"]
[Round "3.2"]
[White "Hammerich, Simon"]
[Black "Koscielski, Janusz"]
[Result "0-1"]
[WhiteElo "2032"]
[BlackElo "2215"]
[PlyCount "96"]
[EventDate "2020.??.??"]
[WhiteTeam "SC Buer-Hassel 1919 e. V."]
[BlackTeam "SV Wattenscheid 1930 e"]

1. e4 c5 2. Nf3 d6 3. d4 cxd4 4. Nxd4 Nf6 5. Nc3 a6 6. f3 e5 7. Nb3 Be6 8. Be3
Nbd7 9. Qd2 Qc7 10. g4 Nb6 11. g5 Nh5 12. a4 Be7 13. a5 Nc4 14. Bxc4 Bxc4 15.
Nd5 Bxd5 16. exd5 O-O 17. O-O-O Rac8 18. Rhg1 Qc4 19. Kb1 Qa4 20. Rg4 Rc4 21.
Rxc4 Qxc4 22. Rg1 Rc8 23. Rg4 Qf1+ 24. Ka2 Rc4 25. Rxc4 Qxc4 26. Ka3 f5 27. f4
exf4 28. Bb6 Bxg5 29. Qe1 Qe4 30. Qc3 Qxd5 31. Qc8+ Kf7 32. Nd4 g6 33. Qd7+ Be7
34. Bd8 Qe4 35. c3 Nf6 36. Qc7 Ke8 37. Bxe7 Qxe7 38. Qc8+ Kf7 39. b4 Qd7 40.
Qb8 Kg7 41. h4 h6 42. c4 Ne4 43. c5 dxc5 44. Qe5+ Kh7 45. bxc5 Qg7 46. Qd5 Nc3
47. Qd8 Qxd4 48. Qxd4 Nb5+ 0-1

[Event "OHS 2020"]
[Site "Herne-Sodingen"]
[Date "2020.02.10"]
[Round "3.3"]
[White "Kiese, Matthias"]
[Black "Löffelbein, Klaus"]
[Result "1-0"]
[WhiteElo "2175"]
[BlackElo "1843"]
[PlyCount "91"]
[EventDate "2020.??.??"]
[WhiteTeam "Bochumer SV 02"]
[BlackTeam "SC Gerthe 46 - Werne"]

1. d4 Nf6 2. Nf3 e6 3. Bg5 Be7 4. Nbd2 d5 5. e3 O-O 6. Bd3 Nbd7 7. O-O b6 8.
Ne5 Bb7 9. f4 Ne4 10. Bxe7 Qxe7 11. Nxe4 dxe4 12. Nxd7 Qxd7 13. Be2 Rad8 14. c3
Qe7 15. Qa4 a6 16. b4 f5 17. Qb3 Rf6 18. a4 Rh6 19. g3 Kh8 20. a5 b5 21. c4 c6
22. cxb5 cxb5 23. Rac1 Bd5 24. Qc3 Rf6 25. Qc7 Rf7 26. Qxe7 Rxe7 27. Rc5 Ree8
28. Rfc1 Bb7 29. Rc7 Rc8 30. Kf2 Rxc7 31. Rxc7 Bd5 32. g4 g6 33. g5 Kg8 34. h4
Rb8 35. h5 Kh8 36. h6 Kg8 37. Ke1 Kh8 38. Kd2 Kg8 39. Kc3 Bb7 40. Bd1 Rc8 41.
Rxc8+ Bxc8 42. Bb3 Kf8 43. d5 Ke7 44. Kd4 exd5 45. Bxd5 Kd6 46. Bf7 1-0

[Event "OHS 2020"]
[Site "Herne-Sodingen"]
[Date "2020.02.10"]
[Round "3.4"]
[White "Wiese, Thomas"]
[Black "Ophüls, Jan"]
[Result "0-1"]
[WhiteElo "1837"]
[BlackElo "2090"]
[PlyCount "42"]
[EventDate "2020.??.??"]
[WhiteTeam "SV Kamen 1930"]
[BlackTeam "SK Turm Rheydt 1929 e. V"]

1. e4 c5 2. c3 Nf6 3. e5 Nd5 4. d4 cxd4 5. Nf3 e6 6. cxd4 d6 7. Nc3 Nxc3 8.
bxc3 Qc7 9. Bd2 Nc6 10. exd6 Bxd6 11. Bd3 b6 12. O-O Bb7 13. Qe2 Ne7 14. Rfe1
h6 15. Ne5 Nc6 16. f4 Nxe5 17. fxe5 Be7 18. a4 Bg5 19. a5 Bxd2 20. axb6 Qxc3
21. Bb5+ Ke7 0-1

[Event "OHS 2020"]
[Site "Herne-Sodingen"]
[Date "2020.02.10"]
[Round "3.5"]
[White "Cobanoglu, Ferhat"]
[Black "Boxberg, Olaf"]
[Result "1/2-1/2"]
[WhiteElo "1743"]
[BlackElo "1796"]
[PlyCount "111"]
[EventDate "2020.??.??"]
[WhiteTeam "SK Sodingen/Castrop 24/23 e. V."]
[BlackTeam "SV Datteln 1924"]

1. e4 e5 2. Nf3 d5 3. d3 dxe4 4. dxe4 Qxd1+ 5. Kxd1 Bg4 6. Be3 Nc6 7. Nbd2
O-O-O 8. a3 Nf6 9. Bd3 Bxf3+ 10. gxf3 Nd4 11. Kc1 Nd7 12. Bc4 f6 13. c3 Nc6 14.
b4 a6 15. a4 Nb6 16. Be6+ Kb8 17. b5 Na5 18. bxa6 Rd6 19. Bf7 Rc6 20. axb7 Bc5
21. Re1 Bxe3 22. Rxe3 Rd8 23. Kc2 Rxd2+ 24. Kxd2 Nbc4+ 25. Bxc4 Nxc4+ 26. Kd3
Nxe3 27. fxe3 Kxb7 28. f4 Rd6+ 29. Kc2 g5 30. Rb1+ Rb6 31. Rf1 h6 32. fxe5 fxe5
33. Rf5 Re6 34. Kb3 Kb6 35. Kc4 c6 36. Rf8 Ka5 37. Rc8 Kb6 38. a5+ Kxa5 39. Rb8
Ka6 40. Kc5 Ka7 41. Rd8 Rf6 42. Rd6 Rf3 43. Rxc6 Rxe3 44. Kd5 Rh3 45. Kxe5 Rxh2
46. Rg6 Kb7 47. c4 Kc7 48. c5 Rc2 49. Kd5 Rd2+ 50. Ke6 Kc6 51. Kf5+ Kxc5 52.
Rxh6 Rf2+ 53. Kxg5 Kd4 54. Re6 Rg2+ 55. Kf4 Rf2+ 56. Kg3 1/2-1/2

[Event "OHS 2020"]
[Site "Herne-Sodingen"]
[Date "2020.02.10"]
[Round "3.6"]
[White "Schmidt, Ralph"]
[Black "Bialas, Jan-Philip"]
[Result "1-0"]
[WhiteElo "1913"]
[BlackElo "1558"]
[PlyCount "59"]
[EventDate "2020.??.??"]
[WhiteTeam "SV Bochum-Linden-Dahlh"]
[BlackTeam "SV Datteln 1924"]

1. e4 c5 2. Nc3 Nc6 3. d3 d6 4. Be3 g6 5. d4 cxd4 6. Bxd4 Nxd4 7. Qxd4 Nf6 8.
e5 dxe5 9. Qxe5 a6 10. Rd1 Bd7 11. Bc4 Bg7 12. Nge2 O-O 13. O-O Rc8 14. Bb3 e6
15. Rfe1 Qb6 16. Qd4 Qc7 17. Qh4 e5 18. Ng3 Bc6 19. Re3 Rcd8 20. Rde1 Nd5 21.
Nxd5 Bxd5 22. Rc3 Qa5 23. Bxd5 Rxd5 24. Ne4 Rd4 25. Qe7 Qd5 26. f3 Rd1 27. Rxd1
Qxd1+ 28. Kf2 Qd4+ 29. Kg3 f5 30. Rc7 1-0